Library Banner

Sau saal jeain sada khush rahein = سو سال جیئیں سدا خوش رہیں / (Record no. 136774)

MARC details
000 -LEADER
fixed length control field 00528nam a22001577a 4500
005 - DATE AND TIME OF LATEST TRANSACTION
control field 20250129121851.0
008 - FIXED-LENGTH DATA ELEMENTS--GENERAL INFORMATION
fixed length control field 250129b |||||||| |||| 00| 0 eng d
040 ## - CATALOGING SOURCE
Transcribing agency PK-LaUMT
082 ## - DEWEY DECIMAL CLASSIFICATION NUMBER
Classification number 610
Item number ISH-S
100 ## - MAIN ENTRY--PERSONAL NAME
Personal name Ishrat un Nisa Begum = عشرت النساء بیگم
245 ## - TITLE STATEMENT
Title Sau saal jeain sada khush rahein = سو سال جیئیں سدا خوش رہیں /
Statement of responsibility, etc by Ishrat un Nisa Begum = عشرت النساء بیگم
260 ## - PUBLICATION, DISTRIBUTION, ETC. (IMPRINT)
Place of publication, distribution, etc Lahore :
Name of publisher, distributor, etc Ferozesons,
Date of publication, distribution, etc NA
300 ## - PHYSICAL DESCRIPTION
Extent 96 p.
546 ## - LANGUAGE NOTE
Language note Urdu
942 ## - ADDED ENTRY ELEMENTS (KOHA)
Koha item type Books
Holdings
Withdrawn status Lost status Damaged status Home library Current library Date acquired Full call number Barcode Date last seen Price effective from Koha item type
      UMT Main Campus UMT Main Campus 2025-01-29 610 ISH-S 148608 2025-01-29 2025-01-29 Books